000 00336 a2200157 4500
001 49140
040 _cAnchieta - Bela Vista
100 _aIacocca, Michele
240 1 0 _aA caça ao tesouro
_lpor
245 1 0 _aA caça ao tesouro
300 _a48
362 0 _a2005
440 1 _aÁtica
650 4 _aLiteratura juvenil
942 _cBK
999 _c49140
_d49140